000
00295nam a22001337a 4500
003
SGT
020
_a
978-0-500-29447-5
082
_a
747
_b
TAN
100
_a
TANGAZ, TOMINS
245
_a
THE INTERIOR DESIGN COURSE
260
_a
UK.
_b
THAMES & HUDSON
_c
2022
300
_a
144
942
_2
ddc
_c
BK
999
_c
33209
_d
33209